Countries with a Z in Their Name - Statistics

General Stats
  • This quiz has been taken 139 times
  • The average score is 12 of 15
Answer Stats
Answer % Correct
Zambia
97%
Zimbabwe
97%
New Zealand
90%
Brazil
88%
Venezuela
82%
Belize
78%
Mozambique
78%
Kazakhstan
76%
Uzbekistan
74%
Switzerland
73%
Azerbaijan
71%
Czech Republic
71%
Bosnia and Herzegovina
68%
Kyrgyzstan
68%
Tanzania
65%
No matching quizzes found
Score Distribution
Percent of People with Each Score
Percentile by Number Answered
Your Score History
You have not taken this quiz